Essentials of Physical Chemistry / (Record no. 12142)
[ view plain ]
| 000 -LEADER | |
|---|---|
| fixed length control field | 00749nam a2200265 a 4500 |
| 001 - CONTROL NUMBER | |
| JCCL Control Number | 14142 |
| 003 - CONTROL NUMBER IDENTIFIER | |
| JCCL marc code | BD-JhCC |
| 005 - DATE AND TIME OF LATEST TRANSACTION | |
| control field | 20220803134024.0 |
| 008 - FIXED-LENGTH DATA ELEMENTS--GENERAL INFORMATION | |
| fixed length control field | 210321s19432016ii a|||| ||aa 000 0 eng d |
| 020 ## - INTERNATIONAL STANDARD BOOK NUMBER | |
| International Standard Book Number | 9788121929783 |
| 035 ## - SYSTEM CONTROL NUMBER | |
| system control number | (BD-JhCC)12142 |
| 040 ## - CATALOGING SOURCE | |
| Original cataloging agency | BD-JhCC |
| Modifying agency | BD-JhCC |
| 041 ## - LANGUAGE CODE | |
| Language code of Book | eng |
| 082 ## - DEWEY DECIMAL CLASSIFICATION NUMBER | |
| Classification number | 541.3 |
| Author mark and Year | BAH 2016 |
| 100 ## - MAIN ENTRY--PERSONAL NAME | |
| Personal name | Bahl, B.S. |
| 245 ## - TITLE STATEMENT | |
| Title | Essentials of Physical Chemistry / |
| Statement of responsibility, etc | B.S. Bahl; Arun Bahl; G.D. Tuli |
| 260 ## - PUBLICATION, DISTRIBUTION, ETC. (IMPRINT) | |
| Place of publication, distribution, etc | Delhi : |
| Name of publisher, distributor, etc | S, Chand & Company Ltd, |
| Date of publication, distribution, etc | 2016 [reprint] |
| 300 ## - PHYSICAL DESCRIPTION | |
| Pagination | xvii, 1262 p. : |
| Dimensions | 23 cm. |
| Other physical details | ill. ; |
| 504 ## - BIBLIOGRAPHY, ETC. NOTE | |
| Bibliography, etc | Includes index. |
| 650 ## - SUBJECT ADDED ENTRY--TOPICAL TERM | |
| Topical term or geographic name as entry element | Chemistry, Physical and Theoretical |
| 700 ## - ADDED ENTRY--PERSONAL NAME | |
| Personal name | Bahl, Arun |
| 700 ## - ADDED ENTRY--PERSONAL NAME | |
| Personal name | Tuli, G.D. |
| 942 ## - ADDED ENTRY ELEMENTS (KOHA) | |
| Source of classification or shelving scheme | Dewey Decimal Classification |
| Koha item type | Books |
| Koha issues (borrowed), all copies | 4 |
| Source of classification or shelving scheme | Damaged status | Not for loan | Home library | Current library | Shelving location | Date of accession | Cost, normal purchase price | Total Checkouts | Full call number | Barcode | Date last seen | Date checked out | Copy number | Koha item type |
|---|---|---|---|---|---|---|---|---|---|---|---|---|---|---|
| Dewey Decimal Classification | JCC Rouf Library | JCC Rouf Library | General Stacks | 03/21/2021 | 1403.00 | 5 | 541.3 BAH 2016 | 16625 | 11/16/2024 | 10/21/2024 | C-1 | Books |